|
|
|
|
| LEADER |
00000caa a22000002c 4500 |
| 001 |
1640150145 |
| 003 |
DE-627 |
| 005 |
20220608131235.0 |
| 007 |
tu |
| 008 |
160223s1991 xx ||||| 00| ||eng c |
| 035 |
|
|
|a (DE-627)1640150145
|
| 035 |
|
|
|a (DE-576)456065059
|
| 035 |
|
|
|a (DE-599)BSZ456065059
|
| 040 |
|
|
|a DE-627
|b ger
|c DE-627
|e rakwb
|
| 041 |
|
|
|a eng
|
| 100 |
1 |
|
|a Aggarwal, Arjun P.
|d 1929-
|0 (DE-588)1145630103
|0 (DE-627)100682961X
|0 (DE-576)165801921
|4 aut
|
| 109 |
|
|
|a Aggarwal, Arjun P. 1929-
|a Aggarwal, Arjun Prakash 1929-
|a Aggarwal, A. P. 1929-
|
| 245 |
1 |
0 |
|a Arbitral review of sexual harassment in the canadian workplace
|c A. P. Aggarwal
|
| 264 |
|
1 |
|c 1991
|
| 336 |
|
|
|a Text
|b txt
|2 rdacontent
|
| 337 |
|
|
|a ohne Hilfsmittel zu benutzen
|b n
|2 rdamedia
|
| 338 |
|
|
|a Band
|b nc
|2 rdacarrier
|
| 773 |
0 |
8 |
|i In
|a Arbitration journal
|g 46(1991), 1, Seite 4-16
|
| 773 |
1 |
8 |
|g volume:46
|g year:1991
|g number:1
|g pages:4-16
|
| 935 |
|
|
|a mkri
|
| 951 |
|
|
|a AR
|
| ELC |
|
|
|b 1
|
| LOK |
|
|
|0 000 xxxxxcx a22 zn 4500
|
| LOK |
|
|
|0 001 3301523269
|
| LOK |
|
|
|0 003 DE-627
|
| LOK |
|
|
|0 004 1640150145
|
| LOK |
|
|
|0 005 20160223101232
|
| LOK |
|
|
|0 008 160208||||||||||||||||ger|||||||
|
| LOK |
|
|
|0 040
|a DE-21-110
|c DE-627
|d DE-21-110
|
| LOK |
|
|
|0 689
|a s
|a Sexuelle Belästigung
|
| LOK |
|
|
|0 689
|a s
|a Arbeitsplatz
|
| LOK |
|
|
|0 852
|z Kein Bestand am IfK; Nachweis für KrimDok
|
| LOK |
|
|
|0 852
|a DE-21-110
|
| LOK |
|
|
|0 852 1
|m v
|9 00
|
| LOK |
|
|
|0 935
|a k110
|
| LOK |
|
|
|0 938
|k v
|
| LOK |
|
|
|0 939
|a 08-02-16
|b l01
|
| ORI |
|
|
|a SA-MARC-krimdoka001.raw
|